All-NBA First team players (sudden death) - Statistics

General Stats
  • This quiz has been taken 228 times
  • The average score is 3 of 12
Answers on the Grid
Answers color-coded by a green-red scale on the quiz's grid according to % correct below.
Artis Gilmore
Marc Gasol
Ralph Sampson
Klay Thompson
Ray Allen
DeAndre Jordan
Amar’e Stoudemire
Mark Price
Dikembe Mutombo
Chris Mullin
Vince Carter
Pau Gasol
Gary Payton
Reggie Miller
Max Zalofsky
James Worthy
Chris Bosh
Gene Shue
Dave Bing
Tony Parker
Kevin McHale
Chris Webber
Grant Hill
Dennis Rodman
 
Answer Stats
Answer % Correct
Marc Gasol
51%
Gary Payton
44%
DeAndre Jordan
41%
Amar’e Stoudemire
28%
Kevin McHale
27%
Chris Mullin
25%
Grant Hill
21%
Ralph Sampson
16%
Mark Price
15%
Dave Bing
6%
Max Zalofsky
6%
Gene Shue
5%
No matching quizzes found
Score Distribution
Percent of People with Each Score
Percentile by Number Answered
Your Score History
You have not taken this quiz